000
00240nam a2200109Ia 4500
008
220204s9999 xx 000 0 und d
082
_a
641.5
_b
MAT
100
_a
Mathew, K M
245
0
_a
Pachakakala
260
_a
Kottayam
_b
NBS
942
_c
BK
999
_c
31188
_d
31188